[Event "Central America Carribean-ch U20 Girls"]
[Site "Porlamar"]
[Date "2015.08.28"]
[Round "9"]
[White "Millan Gonzalez, Yuneitsy Del"]
[Black "Yepez Moreno, Catherine Celeste"]
[Result "0-1"]
[WhiteElo "1697"]
[BlackElo "1499"]
[PlyCount "94"]
[EventDate "2015.08.22"]
[EventType "swiss"]
[EventRounds "9"]
[EventCountry "VEN"]
[SourceTitle "EXT 2018"]
[Source "ChessBase"]
[SourceDate "2017.10.13"]
[SourceVersion "1"]
[SourceVersionDate "2017.10.13"]
[SourceQuality "1"]

1. e4 e5 2. Nf3 Nc6 3. Bc4 Bc5 4. c3 Nf6 5. d3 d6 6. Bb3 Be6 7. Bxe6 fxe6 8. 0-0 h6 9. Qb3 Qd7 10. Qxb7 Rb8 11. Qa6 0-0 12. Qa4 Rfe8 13. Qc2 Bb6 14. Nbd2 d5 15. exd5 exd5 16. Nb3 e4 17. dxe4 Nxe4 18. Bf4 Qf7 19. Bd2 Nxf2 20. Rxf2 Bxf2+ 21. Kxf2 Ne5 22. Be3 c6 23. Nbd2 Ng4+ 24. Kg1 Nxe3 25. Qd3 Rxb2 26. h3 Qf4 27. Qg6 Rf8 28. Re1 Rxd2 29. Qe6+ Kh8 30. Rxe3 Rxa2 31. Qe5 Qxe5 32. Nxe5 Rff2 33. Rg3 c5 34. Nd3 Rfd2 35. Nxc5 a5 36. Nb3 Rdb2 37. Nd4 a4 38. Nc6 a3 39. Nb4 Ra1+ 40. Kh2 a2 41. Nxa2 Raxa2 42. Kg1 Rc2 43. Kh1 Ra3 44. Rd3 Raxc3 45. Rxd5 Rb2 46. Rd4 Rc5 47. Rd3 Rg5 0-1

[Event "Central America Carribean-ch U20 Girls"]
[Site "Porlamar"]
[Date "2015.08.26"]
[Round "6"]
[White "Yepez Moreno, Catherine Celeste"]
[Black "Pesantes Villanera, Diana"]
[Result "1/2-1/2"]
[WhiteElo "1499"]
[BlackElo "1458"]
[PlyCount "127"]
[EventDate "2015.08.22"]
[EventType "swiss"]
[EventRounds "9"]
[EventCountry "VEN"]
[SourceTitle "EXT 2018"]
[Source "ChessBase"]
[SourceDate "2017.10.13"]
[SourceVersion "1"]
[SourceVersionDate "2017.10.13"]
[SourceQuality "1"]

1. e4 e5 2. Nf3 Nc6 3. Bc4 Bc5 4. c3 h6 5. d3 Nf6 6. Be3 d6 7. h3 a6 8. Nbd2 Ba7 9. Nf1 Be6 10. Bb3 Qe7 11. Ng3 0-0-0 12. Bxa7 Nxa7 13. Qc2 Nc6 14. 0-0-0 Na5 15. Bxe6+ Qxe6 16. Kb1 Nc6 17. Rhe1 Nh7 18. d4 Qf6 19. Nf5 Ng5 20. Nxg5 Qxg5 21. d5 Nb8 22. f3 g6 23. Ne3 Rhf8 24. Qf2 f5 25. exf5 gxf5 26. Rf1 f4 27. Nc4 b6 28. Nd2 Rg8 29. Rg1 Qg3 30. Qxg3 Rxg3 31. Ne4 Rg6 32. Rd2 Rdg8 33. Kc2 h5 34. h4 Nd7 35. Ng5 Kb7 36. g3 fxg3 37. Rxg3 Rf6 38. Rdg2 Rfg6 39. Ne4 Rxg3 40. Rxg3 Rxg3 41. Nxg3 Nf6 42. c4 b5 43. b3 Kb6 44. Kd3 Kc5 45. a3 a5 46. cxb5 Kxb5 47. Kc2 Kc5 48. Kc3 Nxd5+ 49. Kd3 Nf6 50. Ke3 d5 51. Ne2 d4+ 52. Kd3 Kd5 53. Ng3 c5 54. Ne2 e4+ 55. fxe4+ Nxe4 56. Nf4+ Ke5 57. Nxh5 Nd6 58. Ng3 Kf4 59. Nh5+ Kg4 60. Nf6+ Kxh4 61. Nd7 Nb7 62. Ne5 Kg5 63. Nc4 Kf5 64. b4 1/2-1/2